Top 15 Länder mit Covid-19-Todesfällen - 13. Juni - Statistiken

Allgemein
  • Dieses Quiz wurde 13 mal gespielt
  • Das Durchschnittsergebnis liegt bei 15 aus 20
Antwortstatistiken
Land % Korrekt
Russland
100%
Vereinigte Staaten
100%
Spanien
91%
Brasilien
82%
Deutschland
82%
Frankreich
82%
Indien
82%
Italien
82%
Kanada
82%
Mexiko
82%
Peru
82%
Vereinigtes Königreich
82%
Chile
73%
Schweden
73%
Iran
64%
Niederlande
64%
Schweiz
64%
Ecuador
55%
Irland
55%
Belgien
45%
Keine übereinstimmenden Quizze gefunden
Verteilung der Resultate
Anzahl Personen mit jedem Resultat
Perzentil nach korrekt beantworteten Fragen
Ihre Resultats-Entwicklung
Sie haben dieses Quiz noch nicht gespielt